[Event "Elancourt op"]
[Site "Elancourt"]
[Date "2010.05.01"]
[Round "8"]
[White "Criton, Roland"]
[Black "Costa, Pierre Jean"]
[Result "1/2-1/2"]
[WhiteElo "1999"]
[BlackElo "1859"]
[PlyCount "61"]
[EventDate "2010.04.25"]
[EventType "swiss"]
[EventRounds "9"]
[EventCountry "FRA"]
[SourceTitle "CBM 136 Extra"]
[Source "ChessBase"]
[SourceDate "2010.07.02"]
[SourceVersion "2"]
[SourceVersionDate "2010.07.15"]
[SourceQuality "1"]

1. d4 d5 2. Nf3 Nf6 3. Bf4 e6 4. e3 Bd6 5. Bg3 0-0 6. Nbd2 c5 7. c3 Nc6 8. Bd3 cxd4 9. exd4 Qc7 10. 0-0 e5 11. dxe5 Nxe5 12. Nxe5 Bxe5 13. Bxe5 Qxe5 14. Nf3 Qc7 15. h3 h6 16. Bc2 Bd7 17. Re1 Rae8 18. Qd4 a6 19. Ne5 Be6 20. Re3 Rc8 21. Rae1 Qc5 22. Qd3 d4 23. Rf3 Bc4 24. Nxc4 Qxc4 25. Qxc4 Rxc4 26. Bb3 Rc7 27. cxd4 Rd8 28. Rd1 Rcd7 29. Rfd3 b5 30. f3 Rd6 31. Kf2 1/2-1/2

[Event "Elancourt op"]
[Site "Elancourt"]
[Date "2010.04.27"]
[Round "3"]
[White "Criton, Roland"]
[Black "Urtado, Olivier"]
[Result "1-0"]
[WhiteElo "1999"]
[BlackElo "1660"]
[PlyCount "61"]
[EventDate "2010.04.25"]
[EventType "swiss"]
[EventRounds "9"]
[EventCountry "FRA"]
[SourceTitle "CBM 136 Extra"]
[Source "ChessBase"]
[SourceDate "2010.07.02"]
[SourceVersion "2"]
[SourceVersionDate "2010.07.15"]
[SourceQuality "1"]

1. d4 d5 2. Nf3 e6 3. c4 Nf6 4. Nc3 Be7 5. Bf4 0-0 6. e3 c6 7. c5 b6 8. b4 Nbd7 9. Bd3 bxc5 10. bxc5 Qa5 11. Qd2 Re8 12. 0-0 Bd8 13. Qc2 Bc7 14. Bxc7 Qxc7 15. e4 e5 16. exd5 exd4 17. d6 Qa5 18. Ne4 Nxe4 19. Bxe4 Qxc5 20. Qxc5 Nxc5 21. Bxc6 Ba6 22. Rfd1 d3 23. Bxa8 Rxa8 24. Rac1 Ne4 25. d7 Rd8 26. Rc6 Bb7 27. Rc7 Ba6 28. Ne5 d2 29. f3 Be2 30. Rc8 f6 31. Rxd8# 1-0

[Event "FRA-chT2 0910"]
[Site "France"]
[Date "2010.01.24"]
[Round "7.5"]
[White "Valette, Christian"]
[Black "Criton, Roland"]
[Result "1/2-1/2"]
[WhiteElo "2098"]
[BlackElo "1997"]
[PlyCount "87"]
[EventDate "2009.09.27"]
[EventType "team-tourn"]
[EventRounds "11"]
[EventCountry "FRA"]
[SourceTitle "EXT 2011"]
[Source "ChessBase"]
[SourceDate "2010.11.26"]
[SourceVersion "1"]
[SourceVersionDate "2010.11.26"]
[SourceQuality "1"]

1. Nf3 Nf6 2. d4 d5 3. c4 c6 4. cxd5 cxd5 5. Nc3 Nc6 6. Bf4 a6 7. Ne5 Qb6 8. Nxc6 Qxc6 9. Rc1 e6 10. e3 Bd7 11. Bd3 Rc8 12. 0-0 Qb6 13. Na4 Rxc1 14. Nxb6 Rxd1 15. Rxd1 Bb4 16. Rc1 Ba5 17. Nc8 0-0 18. Nd6 b5 19. Nb7 Bb6 20. b4 Rc8 21. Nc5 Bxc5 22. Rxc5 Bc6 23. a4 Nd7 24. Rc2 Nb6 25. a5 Nc4 26. Kf1 Kf8 27. Ke2 Ke7 28. f3 Bb7 29. h4 g6 30. g4 Bc6 31. g5 Bb7 32. Ke1 Bc6 33. Rh2 Bb7 34. h5 Nd6 35. hxg6 hxg6 36. Bxd6+ Kxd6 37. Rh7 Rc7 38. Kd2 Re7 39. f4 Bc6 40. Ke2 Rc7 41. Rh8 Re7 42. Kf3 Re8 43. Rh7 Re7 44. Kg4 1/2-1/2

[Event "FRA-chT2 0910"]
[Site "France"]
[Date "2009.12.12"]
[Round "5.5"]
[White "Bodenez, Claire"]
[Black "Criton, Roland"]
[Result "1/2-1/2"]
[WhiteElo "2033"]
[BlackElo "1970"]
[PlyCount "91"]
[EventDate "2009.09.27"]
[EventType "team-tourn"]
[EventRounds "11"]
[EventCountry "FRA"]
[SourceTitle "EXT 2011"]
[Source "ChessBase"]
[SourceDate "2010.11.26"]
[SourceVersion "1"]
[SourceVersionDate "2010.11.26"]
[SourceQuality "1"]

1. e4 c6 2. d4 d5 3. Nc3 dxe4 4. Nxe4 Nf6 5. Nxf6+ gxf6 6. Nf3 Bg4 7. Be2 e6 8. c3 Qc7 9. Qb3 Nd7 10. Be3 Nb6 11. c4 0-0-0 12. a4 c5 13. a5 Nd7 14. a6 b6 15. Rd1 Rg8 16. h3 Bf5 17. Rg1 Be7 18. Qc3 e5 19. d5 e4 20. Nh4 Bxh3 21. Rh1 Bxg2 22. Nxg2 Rxg2 23. Rxh7 Ne5 24. Bf1 Rgg8 25. Bh3+ Kb8 26. Bf5 Rh8 27. Rxh8 Rxh8 28. Bxe4 Bd6 29. Ke2 Qc8 30. Rg1 Qxa6 31. b3 Qc8 32. Bd2 Rg8 33. Rxg8 Qxg8 34. Bf5 Qh8 35. Qh3 Qxh3 36. Bxh3 Ng6 37. Kf3 Kc7 38. Ke4 Kd8 39. Bg4 Ke7 40. f3 Be5 41. Bh5 a5 42. Be3 Nf8 43. Kf5 Nd7 44. Bf2 Nf8 45. Bh4 Nd7 46. Bf2 1/2-1/2

[Event "Montigny le Bretonneux-A 8th"]
[Site "Montigny le Bretonneux"]
[Date "2009.10.29"]
[Round "6"]
[White "Msellek, Ilyass"]
[Black "Criton, Roland"]
[Result "0-1"]
[WhiteElo "1942"]
[BlackElo "1980"]
[PlyCount "112"]
[EventDate "2009.10.24"]
[EventType "tourn"]
[EventRounds "9"]
[EventCountry "FRA"]
[SourceTitle "EXT 2010"]
[Source "ChessBase"]
[SourceDate "2010.11.25"]
[SourceVersion "1"]
[SourceVersionDate "2010.11.25"]
[SourceQuality "1"]

1. d4 d5 2. Nf3 Nf6 3. e3 c6 4. Bd3 g6 5. 0-0 Bg7 6. Ne5 0-0 7. Nd2 Nbd7 8. f4 Qb6 9. Ndf3 Nxe5 10. Nxe5 Nd7 11. Nxd7 Bxd7 12. c3 f5 13. b3 Qa5 14. Bb2 Qc7 15. Rc1 e6 16. Ba3 Rfe8 17. Qd2 Bf8 18. Bxf8 Rxf8 19. c4 Kg7 20. Be2 Qd8 21. g3 Qe7 22. Qb2 Rac8 23. Bf3 Qf6 24. Rf2 g5 25. Rd1 g4 26. Bg2 h5 27. Bf1 h4 28. Rdd2 Rh8 29. Rg2 Kf7 30. a3 Qe7 31. Bd3 Qf6 32. Bb1 Qe7 33. Rd1 Qf6 34. Ba2 Rh7 35. Rdd2 Rch8 36. b4 hxg3 37. Rxg3 Qh4 38. Rdg2 a6 39. Qc2 Qe7 40. Bb1 Rh3 41. Qe2 Qh4 42. Qf2 dxc4 43. e4 b5 44. d5 cxd5 45. exf5 exf5 46. Qd2 Rxg3 47. Rxg3 d4 48. Qe2 Re8 49. Qd2 Qe7 50. Kf2 c3 51. Qd1 Qd6 52. Qc1 Qh6 53. Qd1 Re3 54. Ba2+ Kf8 55. Rg2 Qxf4+ 56. Kg1 Bc6 0-1

[Event "Montigny le Bretonneux-A 8th"]
[Site "Montigny le Bretonneux"]
[Date "2009.10.24"]
[Round "1"]
[White "Debray, Christopher"]
[Black "Criton, Roland"]
[Result "1-0"]
[WhiteElo "2328"]
[BlackElo "1980"]
[PlyCount "97"]
[EventDate "2009.10.24"]
[EventType "tourn"]
[EventRounds "9"]
[EventCountry "FRA"]
[SourceTitle "EXT 2010"]
[Source "ChessBase"]
[SourceDate "2010.11.25"]
[SourceVersion "1"]
[SourceVersionDate "2010.11.25"]
[SourceQuality "1"]

1. e4 c6 2. d4 d5 3. Nc3 dxe4 4. Nxe4 Nf6 5. Nxf6+ gxf6 6. Ne2 Bg4 7. h3 Bh5 8. g4 Qd5 9. Rg1 Bg6 10. Bg2 Qa5+ 11. Bd2 Qc7 12. h4 h6 13. Nf4 e5 14. Nxg6 fxg6 15. Be4 Rg8 16. dxe5 Qxe5 17. Rg3 Bc5 18. Qe2 Nd7 19. f4 Qe7 20. b4 Bd4 21. 0-0-0 0-0-0 22. Re1 Qf7 23. Kb1 f5 24. gxf5 gxf5 25. Rxg8 Rxg8 26. Bd3 Bf6 27. Bc4 Qg7 28. Bxg8 Qxg8 29. Qe8+ Qxe8 30. Rxe8+ Kc7 31. h5 Kd6 32. Rg8 Ke7 33. c4 Nf8 34. Be3 Kf7 35. Rg1 a6 36. Kc2 Ne6 37. Kd3 Ng7 38. Rh1 Ne6 39. a4 Be7 40. Rb1 Bd6 41. c5 Bxf4 42. Rf1 Bxe3 43. Rxf5+ Ke7 44. Kxe3 Ng7 45. Ke4 Ne6 46. Ke5 Nd8 47. Rf6 Nf7+ 48. Rxf7+ Kxf7 49. Kd6 1-0

[Event "FRA-chT2 0910"]
[Site "France"]
[Date "2009.10.04"]
[Round "1.7"]
[White "Degremont, Patrick"]
[Black "Criton, Roland"]
[Result "1-0"]
[WhiteElo "1955"]
[BlackElo "1971"]
[PlyCount "132"]
[EventDate "2009.09.27"]
[EventType "team-tourn"]
[EventRounds "11"]
[EventCountry "FRA"]
[SourceTitle "EXT 2011"]
[Source "ChessBase"]
[SourceDate "2010.11.26"]
[SourceVersion "1"]
[SourceVersionDate "2010.11.26"]
[SourceQuality "1"]

1. e4 c6 2. d3 d5 3. Nd2 dxe4 4. dxe4 Nf6 5. Ngf3 Bg4 6. c3 Nbd7 7. Bc4 e6 8. Qc2 Qc7 9. 0-0 Bc5 10. b4 Be7 11. Bb3 0-0 12. Bb2 a5 13. a3 Rfd8 14. Rfe1 Bh5 15. h3 Bg6 16. Nh4 Bh5 17. Nhf3 Bg6 18. Qc1 Qf4 19. g3 Qc7 20. e5 Nd5 21. c4 N5b6 22. c5 Nd5 23. Bxd5 cxd5 24. Nb3 axb4 25. axb4 Rxa1 26. Bxa1 b6 27. c6 Bxb4 28. cxd7 Qxd7 29. Re3 Rc8 30. Qf1 h6 31. Ne1 Qa4 32. f4 Bc5 33. Nxc5 bxc5 34. Ng2 d4 35. Re1 d3 36. Qf2 c4 37. Bd4 Qb3 38. Qd2 Ra8 39. Ra1 Rb8 40. Ne3 Be4 41. Kh2 Kh7 42. g4 Qb5 43. Nf1 Ra8 44. Ng3 Rxa1 45. Bxa1 Bc6 46. Bc3 Qd5 47. Qf2 Bb7 48. f5 Bc6 49. h4 Bb7 50. Kh3 Bc6 51. Nf1 Qe4 52. Ne3 Bb7 53. Kg3 Bd5 54. Nf1 Bb7 55. Nd2 Qd5 56. g5 Bc6 57. gxh6 Kxh6 58. fxe6 fxe6 59. Qf4+ Kh7 60. Nf3 Kg8 61. Kg4 Bb7 62. Kg3 Bc6 63. h5 Bb7 64. Nd2 Qg2+ 65. Kh4 Qh1+ 66. Kg5 Qg1+ 1-0

[Event "Saint Quentin op 11th"]
[Site "Elancourt"]
[Date "2009.04.24"]
[Round "8"]
[White "Criton, Roland"]
[Black "Legrand, Stephane"]
[Result "0-1"]
[WhiteElo "1991"]
[BlackElo "2165"]
[PlyCount "131"]
[EventDate "2009.04.18"]
[EventType "swiss"]
[EventRounds "9"]
[EventCountry "FRA"]
[SourceTitle "CBM 129 Extra"]
[Source "ChessBase"]
[SourceDate "2009.05.05"]
[SourceVersion "2"]
[SourceVersionDate "2009.05.20"]
[SourceQuality "1"]

1. d4 Nf6 2. Nf3 d5 3. Bf4 e6 4. e3 c5 5. c3 Nc6 6. Nbd2 a6 7. dxc5 Bxc5 8. Bd3 0-0 9. 0-0 h6 10. h3 Re8 11. Ne5 Nxe5 12. Bxe5 Nd7 13. Bg3 e5 14. Bc2 Nf6 15. Nb3 Bd6 16. Qe2 Be6 17. Rfd1 Qc7 18. Rac1 b5 19. Nd2 Rad8 20. a4 Qb6 21. e4 Bb8 22. exd5 Bxd5 23. axb5 axb5 24. Ne4 Ba7 25. Qf3 Kf8 26. Qf5 Be6 27. Qxe5 Bd5 28. Rxd5 Rxe5 29. Rxe5 Bb8 30. Nxf6 gxf6 31. Re3 Bxg3 32. Rxg3 Rd2 33. Rf3 Qd6 34. Bb3 Rxb2 35. Rd1 Qb6 36. Bd5 Rc2 37. Bb3 Re2 38. Kf1 Rb2 39. Bd5 Qd6 40. Kg1 h5 41. Rfd3 Qf4 42. Rf3 Qd6 43. Rfd3 Qb6 44. Rf3 h4 45. Be4 Kg7 46. Rf4 Qc7 47. Rf3 Rb3 48. Bd3 Qc5 49. Bf1 Rb2 50. Re1 Qg5 51. Rd1 Rb3 52. Be2 f5 53. Kf1 Qf6 54. Kg1 f4 55. Rc1 Qe5 56. Bf1 Qe4 57. Rd1 Qe5 58. Rc1 Qd6 59. Rd3 Qa3 60. Rcd1 Rb2 61. Rf3 Qa4 62. Rc1 Rd2 63. Rb1 Qc2 64. Bd3 Qxc3 65. Bxb5 Qe5 66. Bf1 0-1

[Event "Saint Quentin op 11th"]
[Site "Elancourt"]
[Date "2009.04.19"]
[Round "3"]
[White "Habunek, Patrick"]
[Black "Criton, Roland"]
[Result "1/2-1/2"]
[WhiteElo "1772"]
[BlackElo "1991"]
[PlyCount "56"]
[EventDate "2009.04.18"]
[EventType "swiss"]
[EventRounds "9"]
[EventCountry "FRA"]
[SourceTitle "CBM 129 Extra"]
[Source "ChessBase"]
[SourceDate "2009.05.05"]
[SourceVersion "2"]
[SourceVersionDate "2009.05.20"]
[SourceQuality "1"]

1. e4 c6 2. d4 d5 3. Nd2 dxe4 4. Nxe4 Nf6 5. Nxf6+ gxf6 6. Bc4 Bf5 7. Ne2 e6 8. Ng3 Bg6 9. h4 h5 10. Be3 Nd7 11. Ne2 Nb6 12. Bb3 Nd5 13. Bd2 Qd6 14. c4 Nb4 15. Bxb4 Qxb4+ 16. Nc3 0-0-0 17. 0-0 Bc5 18. a3 Qa5 19. d5 b5 20. Qf3 bxc4 21. Bxc4 Qc7 22. dxc6 Bb6 23. Ba6+ Kb8 24. Nb5 Rd3 25. Nxc7 Rxf3 26. gxf3 Kxc7 27. Rfd1 e5 28. Rac1 Bd4 1/2-1/2

[Event "Saint Quentin op 11th"]
[Site "Elancourt"]
[Date "2009.04.18"]
[Round "1"]
[White "Durez, Gerard"]
[Black "Criton, Roland"]
[Result "1/2-1/2"]
[WhiteElo "1633"]
[BlackElo "1991"]
[PlyCount "43"]
[EventDate "2009.04.18"]
[EventType "swiss"]
[EventRounds "9"]
[EventCountry "FRA"]
[SourceTitle "CBM 129 Extra"]
[Source "ChessBase"]
[SourceDate "2009.05.05"]
[SourceVersion "2"]
[SourceVersionDate "2009.05.20"]
[SourceQuality "1"]

1. d4 d5 2. Nf3 Nf6 3. Bg5 Ne4 4. Bf4 c6 5. c3 e6 6. e3 Bd6 7. Bg3 Nxg3 8. hxg3 Nd7 9. Bd3 c5 10. Qc2 c4 11. Be2 f5 12. g4 fxg4 13. Ng1 Nf6 14. Nd2 Qe7 15. e4 Bf4 16. exd5 exd5 17. 0-0-0 Ne4 18. Rh5 Bxd2+ 19. Rxd2 Nxd2 20. Re5 Qxe5 21. dxe5 Ne4 22. Bxc4 1/2-1/2

[Event "Montigny le Bretonneux-A 7th"]
[Site "Montigny le Bretonneux"]
[Date "2008.11.02"]
[Round "9"]
[White "Forissier, Nicolas"]
[Black "Criton, Roland"]
[Result "1/2-1/2"]
[WhiteElo "2000"]
[BlackElo "1988"]
[PlyCount "30"]
[EventDate "2008.10.25"]
[EventType "tourn"]
[EventRounds "9"]
[EventCountry "FRA"]
[SourceTitle "EXT 2009"]
[Source "ChessBase"]
[SourceDate "2008.11.26"]
[SourceVersion "1"]
[SourceVersionDate "2008.11.26"]
[SourceQuality "1"]

1. d4 d5 2. c4 c6 3. Nc3 Nf6 4. Nf3 dxc4 5. a4 Bf5 6. Bg5 Ne4 7. e3 Qa5 8. Bxc4 Nxc3 9. bxc3 Qxc3+ 10. Nd2 e6 11. Rc1 Qa5 12. 0-0 Bb4 13. e4 Bg6 14. d5 exd5 15. exd5 0-0 1/2-1/2

[Event "Montigny le Bretonneux-A 7th"]
[Site "Montigny le Bretonneux"]
[Date "2008.10.30"]
[Round "6"]
[White "Criton, Roland"]
[Black "Vallobra, Pierre"]
[Result "1/2-1/2"]
[WhiteElo "1988"]
[BlackElo "1973"]
[PlyCount "35"]
[EventDate "2008.10.25"]
[EventType "tourn"]
[EventRounds "9"]
[EventCountry "FRA"]
[SourceTitle "EXT 2009"]
[Source "ChessBase"]
[SourceDate "2008.11.26"]
[SourceVersion "1"]
[SourceVersionDate "2008.11.26"]
[SourceQuality "1"]

1. d4 d5 2. Nf3 Nf6 3. c4 c6 4. e3 e6 5. Bd3 dxc4 6. Bxc4 b5 7. Bd3 Bb7 8. 0-0 Be7 9. a3 0-0 10. Nc3 Nbd7 11. Qe2 a6 12. e4 c5 13. Rd1 cxd4 14. Nxd4 Ne5 15. Bc2 Qb6 16. Bb3 Rfd8 17. Be3 Bc5 18. Nf3 1/2-1/2

[Event "Elancourt op 10th"]
[Site "Elancourt"]
[Date "2007.04.21"]
[Round "9"]
[White "Criton, Roland"]
[Black "Forissier, Nicolas"]
[Result "1/2-1/2"]
[WhiteElo "1989"]
[BlackElo "1932"]
[PlyCount "35"]
[EventDate "2007.04.14"]
[EventType "swiss"]
[EventRounds "9"]
[EventCountry "FRA"]
[SourceTitle "CBM 118 Extra"]
[Source "ChessBase"]
[SourceDate "2007.07.04"]
[SourceVersion "1"]
[SourceVersionDate "2007.07.04"]
[SourceQuality "1"]

1. d4 Nf6 2. Nf3 g6 3. Bg5 Bg7 4. Nbd2 0-0 5. c3 d5 6. e3 Nbd7 7. Be2 c5 8. 0-0 Qb6 9. Qb3 cxd4 10. exd4 Re8 11. Rfe1 Qxb3 12. axb3 Nb6 13. Bd3 a6 14. h3 Bf5 15. Bxf5 gxf5 16. Nh4 e6 17. Bxf6 Bxf6 18. Nhf3 1/2-1/2

[Event "Elancourt op 10th"]
[Site "Elancourt"]
[Date "2007.04.19"]
[Round "7"]
[White "Criton, Roland"]
[Black "Guillet, Jacques"]
[Result "1/2-1/2"]
[WhiteElo "1989"]
[BlackElo "1540"]
[PlyCount "63"]
[EventDate "2007.04.14"]
[EventType "swiss"]
[EventRounds "9"]
[EventCountry "FRA"]
[SourceTitle "CBM 118 Extra"]
[Source "ChessBase"]
[SourceDate "2007.07.04"]
[SourceVersion "1"]
[SourceVersionDate "2007.07.04"]
[SourceQuality "1"]

1. d4 Nf6 2. Nf3 g6 3. Bg5 Bg7 4. Nbd2 0-0 5. e4 d5 6. e5 Ne4 7. Bh4 c5 8. c3 Nc6 9. Bd3 Bf5 10. Qe2 cxd4 11. cxd4 Qa5 12. Qe3 Rac8 13. 0-0 Nxd2 14. Nxd2 Nxd4 15. Qxd4 Qxd2 16. Rfd1 Qa5 17. Bxf5 gxf5 18. Qxd5 Qxd5 19. Rxd5 e6 20. Rd7 Bxe5 21. Rxb7 Rc7 22. Rxc7 Bxc7 23. Bf6 Re8 24. Rc1 Bb8 25. Rd1 h5 26. Rd8 Rxd8 27. Bxd8 Kf8 28. h3 Ke8 29. Ba5 Kd7 30. Kf1 Kc6 31. Ke2 Kd5 32. Kd3 1/2-1/2

[Event "Montigny le Bretonneux op 5th"]
[Site "Montigny le Bretonneux"]
[Date "2006.10.29"]
[Round "2.3"]
[White "Criton, Roland"]
[Black "Heimann, Udo"]
[Result "0-1"]
[WhiteElo "1992"]
[BlackElo "1978"]
[PlyCount "83"]
[EventDate "2006.10.28"]
[EventType "swiss"]
[EventRounds "9"]
[EventCountry "FRA"]
[SourceTitle "EXT 2007"]
[Source "ChessBase"]
[SourceDate "2006.11.23"]
[SourceVersion "1"]
[SourceVersionDate "2006.11.23"]
[SourceQuality "1"]

1. d4 Nf6 2. Nf3 g6 3. Bg5 Bg7 4. Nbd2 d5 5. e3 0-0 6. Bd3 Nbd7 7. 0-0 c5 8. c3 Re8 9. Re1 h6 10. Bh4 Qb6 11. Qc2 e5 12. dxe5 Nxe5 13. Nxe5 Rxe5 14. e4 c4 15. Bxc4 dxc4 16. Nxc4 Qe6 17. Nxe5 Qxe5 18. Bg3 Qc5 19. b4 Qc6 20. Be5 Be6 21. a4 Rd8 22. f3 Nd7 23. Bxg7 Kxg7 24. Red1 Rc8 25. Rac1 Ne5 26. Qd2 Qb6+ 27. Qd4 Qxd4+ 28. cxd4 Nc4 29. d5 Bd7 30. b5 a6 31. bxa6 bxa6 32. Rd4 Nd6 33. Rxc8 Nxc8 34. a5 Kf6 35. f4 Bb5 36. Kf2 Ke7 37. e5 Kd7 38. Ke3 Ne7 39. g4 Bf1 40. Rb4 Nxd5+ 41. Kf2 Nxb4 42. Kxf1 0-1

[Event "Montigny le Bretonneux op 5th"]
[Site "Montigny le Bretonneux"]
[Date "2006.10.28"]
[Round "1.1"]
[White "Branson, James"]
[Black "Criton, Roland"]
[Result "0-1"]
[WhiteElo "1898"]
[BlackElo "1992"]
[PlyCount "62"]
[EventDate "2006.10.28"]
[EventType "swiss"]
[EventRounds "9"]
[EventCountry "FRA"]
[SourceTitle "EXT 2007"]
[Source "ChessBase"]
[SourceDate "2006.11.23"]
[SourceVersion "1"]
[SourceVersionDate "2006.11.23"]
[SourceQuality "1"]

1. e4 c6 2. d4 d5 3. Nc3 dxe4 4. Nxe4 Nf6 5. f3 Bf5 6. Nxf6+ gxf6 7. c3 e6 8. Bf4 Nd7 9. Bc4 Nb6 10. Bb3 Nd5 11. Bg3 h5 12. h4 Rg8 13. Bxd5 Rxg3 14. Kf2 Rg6 15. Bb3 Qc7 16. Ne2 0-0-0 17. Bc2 Bxc2 18. Qxc2 Bh6 19. g3 Kb8 20. Rhg1 c5 21. Rad1 Bf8 22. Kf1 cxd4 23. Rxd4 Rxd4 24. Nxd4 Rxg3 25. Qe4 Rxg1+ 26. Kxg1 f5 27. Qe1 Bc5 28. Kg2 Bxd4 29. cxd4 Qf4 30. Qe5+ Qxe5 31. dxe5 f4 0-1

[Event "Elancourt op"]
[Site "Elancourt"]
[Date "2006.04.21"]
[Round "7"]
[White "Criton, Roland"]
[Black "Oger, Claude"]
[Result "1/2-1/2"]
[WhiteElo "1976"]
[BlackElo "1997"]
[PlyCount "71"]
[EventDate "2006.04.16"]
[EventType "swiss"]
[EventRounds "9"]
[EventCountry "FRA"]
[SourceTitle "CBM 111 Extra"]
[Source "ChessBase"]
[SourceDate "2006.05.09"]
[SourceVersion "1"]
[SourceVersionDate "2006.05.09"]
[SourceQuality "1"]

1. d4 Nf6 2. Nf3 e6 3. Bg5 Be7 4. Nbd2 d5 5. e3 Nbd7 6. c4 h6 7. Bh4 c6 8. Bd3 0-0 9. Bg3 a6 10. h3 g6 11. 0-0 Kg7 12. c5 Nh7 13. b4 Ng5 14. a4 f6 15. Nh4 f5 16. Nhf3 Ne4 17. Bh2 Bf6 18. Nb3 Re8 19. Bxe4 fxe4 20. Ne5 Rf8 21. Nxd7 Bxd7 22. f3 exf3 23. Rxf3 Kh7 24. Qd3 Bg7 25. Rxf8 Qxf8 26. Rf1 Qe8 27. Na5 e5 28. dxe5 Bf5 29. Qd4 Qe7 30. Nb3 Re8 31. b5 axb5 32. axb5 Bxe5 33. Bxe5 Qxe5 34. Qxe5 Rxe5 35. bxc6 bxc6 36. Kf2 1/2-1/2

[Event "Elancourt op"]
[Site "Elancourt"]
[Date "2006.04.18"]
[Round "4"]
[White "Bouverot, Olivier"]
[Black "Criton, Roland"]
[Result "1/2-1/2"]
[WhiteElo "2170"]
[BlackElo "1976"]
[PlyCount "57"]
[EventDate "2006.04.16"]
[EventType "swiss"]
[EventRounds "9"]
[EventCountry "FRA"]
[SourceTitle "CBM 111 Extra"]
[Source "ChessBase"]
[SourceDate "2006.05.09"]
[SourceVersion "1"]
[SourceVersionDate "2006.05.09"]
[SourceQuality "1"]

1. d4 d5 2. Bf4 Nf6 3. e3 c6 4. Nd2 Bf5 5. Ngf3 h6 6. h3 Nbd7 7. c4 e6 8. Qb3 Qc8 9. Rc1 Be7 10. Be2 0-0 11. 0-0 Bd8 12. Ne5 Nxe5 13. Bxe5 Nd7 14. Bd6 Re8 15. Bf3 Ba5 16. Rfd1 Bxd2 17. Rxd2 dxc4 18. Qxc4 Nb6 19. Qb3 Qd7 20. Bc5 Qc7 21. Qa3 Bg6 22. Bd6 Qd7 23. Bg3 e5 24. Rdd1 e4 25. Be2 Bf5 26. b3 a6 27. Qc5 Nd5 28. Bc4 Be6 29. Bxd5 1/2-1/2

[Event "Elancourt op"]
[Site "Elancourt"]
[Date "2005.04.26"]
[Round "5"]
[White "Criton, Roland"]
[Black "Brunel, Eric"]
[Result "0-1"]
[WhiteElo "2018"]
[BlackElo "1920"]
[PlyCount "56"]
[EventDate "2005.04.23"]
[EventType "swiss"]
[EventRounds "9"]
[EventCountry "FRA"]
[SourceTitle "CBM 105 Extra"]
[Source "ChessBase"]
[SourceDate "2005.05.01"]
[SourceVersion "1"]
[SourceVersionDate "2005.05.01"]
[SourceQuality "1"]

1. d4 g6 2. Nf3 Bg7 3. c3 b6 4. Bf4 Nf6 5. Nbd2 Bb7 6. Qc2 Na6 7. e4 0-0 8. Be2 c5 9. 0-0 cxd4 10. Nxd4 Nc5 11. f3 d5 12. N4b3 Ne6 13. Be5 Bh6 14. Bxf6 exf6 15. Rad1 Qc7 16. exd5 Bxd5 17. Ne4 Bxe4 18. Qxe4 Bf4 19. h3 f5 20. Qc4 Be3+ 21. Kh1 Qg3 22. Rfe1 Bf2 23. Rf1 Be3 24. Rfe1 Nf4 25. Bf1 Bf2 26. Re7 Nxh3 27. Rd2 Ng5 28. Ree2 Nxf3 0-1